| 000 | 00400nam a22001457a 4500 | ||
|---|---|---|---|
| 999 |
_c13698 _d13698 |
||
| 020 | _a996097152x | ||
| 082 | _a922.584 | ||
| 100 | _aAbdul Mawjood, Salahuddin Ali | ||
| 245 | _aThe Biography of Imam Ahmed Bin Hanbal (May Allah Have mercy on him) | ||
| 260 |
_aRiyadh _bDarussalam _c2006 |
||
| 300 |
_a151 Pages _b21 cm |
||
| 650 | _aBiograohy | ||
| 700 | _atranslated by Sameh Strauch | ||
| 942 | _cBK | ||